| 000 | 00478nam a2200193Ia 4500 | ||
|---|---|---|---|
| 005 | 20240823013058.0 | ||
| 008 | 240823s9999||||xx |||||||||||||| ||und|| | ||
| 020 | _a981-243-121-7 | ||
| 041 | _aENGLISH | ||
| 082 | _A659.1 P3 | ||
| 100 | _aO'Guinn [et al] | ||
| 245 | 0 | _aAdvertising and Integrated Brand promotion | |
| 250 | _a3rd | ||
| 260 |
_c2003 _b"Thomson,Australia" |
||
| 500 | _aYES | ||
| 650 |
_aAdvertising _bManagement Studies |
||
| 942 | _cBK | ||
| 999 |
_c166223 _d166223 |
||